000
00352nam a2200145Ia 4500
008
240624s9999 xx 000 0 und d
041
_a
eng
082
_a
330.015195 BAL
100
_a
BALTAGI BADI H
245
_a
ECONOMETRICS
250
_a
(3rd ed.)
260
_c
2005
_a
New Delhi
_b
Springer India
300
_a
xv, : 401 : p. : cm. ; 24
365
_c
RS
999
_c
6173
_d
6173